Global office real estate review 2009 (Record no. 109413)

MARC details
000 -LEADER
fixed length control field 01346cad a22002415a 4500
001 - CONTROL NUMBER
control field L147031
008 - FIXED-LENGTH DATA ELEMENTS--GENERAL INFORMATION
fixed length control field 090324s2009 d f s 000 0 eng d
035 ## - SYSTEM CONTROL NUMBER
System control number (Sirsi) u147031
041 0# - LANGUAGE CODE
Language code of text/sound track or separate title eng
050 04 - LIBRARY OF CONGRESS CALL NUMBER
Classification number 333.33 $2 18
110 2# - MAIN ENTRY--CORPORATE NAME
Corporate name or jurisdiction name as entry element Colliers International Property Consultants
9 (RLIN) 1881
245 00 - TITLE STATEMENT
Title Global office real estate review 2009
Medium [electronic resource]
260 ## - PUBLICATION, DISTRIBUTION, ETC.
Place of publication, distribution, etc. [S.l.]
Name of publisher, distributor, etc. Colliers
Date of publication, distribution, etc. 2009
490 #0 - SERIES STATEMENT
Series statement Colliers Global Office Real Estate Review
Volume/sequential designation 2009
520 ## - SUMMARY, ETC.
Summary, etc. Reports that demand for office space has fallen in the second half of 2008 in almost all regions and all cities, compared to the first half of 2008. However, the impact has been the most severe in the United States, Japan and much of Europe. All regions registered higher vacancies and most registered falling rents. Office investment transaction activity levels in most regions was less than half 2007 levels. Concludes that the outlook for the rest of 2009 is a further weakening of fundamentals with little prospect of recovery until 2010 at least.
521 2# - TARGET AUDIENCE NOTE
Target audience note Advanced
590 ## - LOCAL NOTE (RLIN)
Local note KA NTK
650 24 - SUBJECT ADDED ENTRY--TOPICAL TERM
Topical term or geographic name entry element COLLIERS GLOBAL OFFICE REAL ESTATE REVIEW
651 #4 - SUBJECT ADDED ENTRY--GEOGRAPHIC NAME
Geographic name International
690 ## - LOCAL SUBJECT ADDED ENTRY--TOPICAL TERM (OCLC, RLIN)
Topical term or geographic name as entry element PROPERTY-COMMERCIAL PROPERTY-COMMERCIAL PROPERTY MARKET
856 40 - ELECTRONIC LOCATION AND ACCESS
Uniform Resource Identifier <a href="https://www.colliers.com">https://www.colliers.com</a>
Public note View the item free of charge at www.colliers.com...
942 ## - ADDED ENTRY ELEMENTS (KOHA)
Suppress in OPAC 0
Holdings
Withdrawn status Lost status Source of classification or shelving scheme Damaged status Not for loan Home library Current library Shelving location Date acquired Total Checkouts Full call number Barcode Date last seen Copy number Price effective from Koha item type
    Dewey Decimal Classification     Virtual Virtual Online 24/03/2009   ONLINE PUBLICATION 147031-2001 06/08/2019 1 06/08/2019 Book